| 000 | 00536cam a22001934a 4500 | ||
|---|---|---|---|
| 020 | _a3540666249 (softcover) | ||
| 040 | _cDLC | ||
| 082 | 0 | 0 | _a004 SPR 1999 C149 Or. |
| 245 | 0 | 0 |
_aCorrect system design : _brecent insights and advances / |
| 260 |
_aBerlin ; _aNew York : _bSpringer, _cc1999 |
||
| 300 |
_axiv, 415 p. : _bill. ; _c24 cm |
||
| 650 | 0 | _aSystem design | |
| 650 | 0 | _aComputer systems | |
| 650 | 4 | _aSystem design | |
| 650 | 4 | _aComputer systems | |
| 700 | 1 | _aSteffen, Bernhard | |
| 700 | 1 | _aOlderog, E.-R | |
| 942 | _cAEDBB | ||
| 999 |
_c18624 _d18624 |
||